| 000 | 00430nam a22001697a 4500 | ||
|---|---|---|---|
| 003 | CEME | ||
| 005 | 20210628203959.0 | ||
| 008 | 210308b xxu||||| |||| 00| 0 eng d | ||
| 020 | _a0-8160-1823-5 | ||
| 040 | _c. | ||
| 082 | _a355.00321 SHA'F | ||
| 100 |
_aRobertson, D.B , Shafritz, J.M _968124 |
||
| 245 | _aThe facts on file dictionary of military science | ||
| 260 |
_aNEWYORK _c1989 |
||
| 300 | _a498P | ||
| 942 |
_cBK _2ddc |
||
| 999 |
_c575763 _d575763 |
||